000 00880caa a22002417a 4500
999 _c417836
_d417836
001 129935
003 UA-OsUOA
005 20200121125258.0
007 ta
008 20180331b un ||||| |||| 00| 0 ukr d
040 _aUA-OsUOA
_bukr
_cUA-OsUOA
_dUA-OsUOA
041 _aukr
080 _a908
090 _a908
_bТ76
100 _aТрофимович В.
245 _aВідродження і поступ Острозької академії
_cВ. Трофимович
300 _aС. 153–166
650 7 _a908 Краєзнавство
_2UDC
773 0 _0318345
_9334428
_dОстрог Національний університет "Острозька академія" 2002
_o60656
_tНаукові записки
_w(UA-OsUOA) 31910
_z966-95-166-9-2
942 _cBKA
_2udc
955 _a1